AP Brainrot Quiz September 2024 - Statistics

General Stats
  • This quiz has been taken 501 times
  • The average score is 9 of 15
Answer Stats
Hint Answer % Correct
_____ Toilet Skibidi
99%
What the ____ Sigma
89%
When someone takes your food Fanum Tax
84%
Guy who calls you John Pork
71%
Oi, Oi, Oi Baka
70%
People who go to Costco Costco Guys
68%
Person who has wild parties Diddy
67%
Best hooper ever Lebron
67%
Someone who doesn't care Nonchalant
64%
A very dangerous drug Fent
61%
What you do to that thang Hawk Tuah
59%
Another guy that calls you Freakbob
51%
What lil t man uses Galaxy Gas
46%
Villain that laughs on Tiktok Jonkler
43%
What makes you feel FREAKY Honey packs
6%
No matching quizzes found
Score Distribution
Percent of People with Each Score
Percentile by Number Answered
Your Score History
You have not taken this quiz